Score 0/28 Timer 08:00
0 Plays Today
Hint Answer % Correct
Burns asks for which bird's egg for lunch? Dodo
65.9%
What greeting does Burns use when he answers the telephone?Ahoy hoy
62.9%
What is Burns' vest made from?Real gorilla chest
62.1%
What does Burns dislike about Don Mattingly? His sideburns
61.4%
Which band does Burns tell Smithers to have killed?The Rolling Stones
58.8%
What is the name of Burns' miniature aeroplane?Spruce Moose
43.9%
While hallucinating, who does Burns mistake Homer for?Pop n' fresh
43.9%
Which creature is Burns unable to crush?Ant
42.6%
What does Burns call himself at the Monorail town meeting?Mr Snrub
37.3%
Which word used by Lisa does Burns not know the meaning of?Recycling
35%
Name one of the pre-1950s players Burns wants to recruit for the plant's softball teamHonus Wagner, Cap Anson, Mordecai 'Three-Finger' Brown...
34.8%
What did Burns swallow with his last ounce of strength?Gold fillings
31.2%
During the meltdown, why doesn't Burns let Smithers join him in the escape pod?I like to put my feet up
30.9%
Which monkey must Homer find before the next full moon?The Jade monkey
28.1%
Hint Answer % Correct
Burns never forgave his mother for having an affair with whom?President Taft
25.6%
'I don't like being outdoors, Smithers. For one thing, there's too many ___ ___'Fat Children
24.1%
What will Burns give Zutroy for working hard at the plant each day?A shiny new penny
24%
Cause of his parents death?Got in my way
20.8%
Burns tries to send a letter to which consulate in Siam? Prussian
19.5%
What did Burns steal from 1981 to 1985?Christmas
17.4%
What is an 'amnesia ray'?Revolver
15.9%
Name one item/service Burns thinks can be bought with a nickelA steak and kidney pie, a cup of coffee, a slice of cheesecake, a newsreel and a trolley ride
15.4%
Who hopes the Springfield Atoms win, or else Mr Burns is coming back?Milhouse
13.5%
What does Burns name as his place of birth?Pangea
10.4%
What does Burns tell Marge to fill his quadricycle with?Petroleum distillate
9.7%
Whose head does Burns order his compadres to bring to him?Colonel Montoya
9.1%
'Of course you'd say that. You have the brain pan of a ___ tilter'Stagecoach
6.4%
What has Mother Nature beset us with?Droughts and floods and poison monkeys
6.2%
Remove Ads.
Support Sporcle.
Get the best of Sporcle when you Go Orange. This ad-free experience offers more features, more stats, and more fun while also helping to support Sporcle. Thank you for becoming a member.

You're not logged in!

Compare scores with friends on all Sporcle quizzes.
OR
Log In

Show Comments

Extras

Top Quizzes Today


Score Distribution

Your Account Isn't Verified!

In order to create a playlist on Sporcle, you need to verify the email address you used during registration. Go to your Sporcle Settings to finish the process.

Report this User

Report this user for behavior that violates our Community Guidelines.

Details: